Southville International School and Colleges
Your cart is empty.
  • Cart
  • Lists
    Public lists Eva Luna New books Lux_list list_1
    Your lists Log in to create your own lists
  • Log in to your account
  • Your cookies
  • Search history
Southville International School and Colleges
  • Advanced search
  • Recent comments
  • Most popular
  • Libraries

Log in to your account

Log in with GOOGLE


If you do not have an external account, but do have a local account, you can still log in:

  1. Home
  2. MARC view: Java programming :
Normal view MARC view ISBD view

Java programming : (Record no. 300777)

[ view plain ]
MARC details
000 -LEADER
fixed length control field 00717nam a2200253Ia 4500
008 - FIXED-LENGTH DATA ELEMENTS--GENERAL INFORMATION
fixed length control field 160901s9999 xx 000 0 und d
020 ## - INTERNATIONAL STANDARD BOOK NUMBER
International Standard Book Number 978-981-4416-33-7
050 ## - LIBRARY OF CONGRESS CALL NUMBER
Classification number ComSc QA 76.73
050 ## - LIBRARY OF CONGRESS CALL NUMBER
Item number .J38M39 2012
100 ## - MAIN ENTRY--PERSONAL NAME
Personal name Mayfield, Blayne.
245 ## - TITLE STATEMENT
Title Java programming :
245 ## - TITLE STATEMENT
Remainder of title from problem analysis to program design lab manual /
245 ## - TITLE STATEMENT
Statement of responsibility, etc Blayne Mayfield.
250 ## - EDITION STATEMENT
Edition statement 3rd Edition
260 ## - PUBLICATION, DISTRIBUTION, ETC. (IMPRINT)
Place of publication, distribution, etc Singapore :
260 ## - PUBLICATION, DISTRIBUTION, ETC. (IMPRINT)
Name of publisher, distributor, etc Cengage Learning Asia Pte Ltd
260 ## - PUBLICATION, DISTRIBUTION, ETC. (IMPRINT)
Date of publication, distribution, etc 2012
300 ## - PHYSICAL DESCRIPTION
Extent 321 pages :
300 ## - PHYSICAL DESCRIPTION
Other physical details ill. ;
300 ## - PHYSICAL DESCRIPTION
Dimensions 26 cm.
500 ## - GENERAL NOTE
General note Includes index.
650 ## - SUBJECT ADDED ENTRY--TOPICAL TERM
Topical term or geographic name as entry element Java (Computer program language).
650 ## - SUBJECT ADDED ENTRY--TOPICAL TERM
General subdivision World Wide Web (Information Retrieval System).
Holdings
Withdrawn status Lost status Damaged status Home library Current library Shelving location Date acquired Cost, normal purchase price Total Checkouts Full call number Barcode Date last seen Price effective from Koha item type
      South Mansfield College South Mansfield College   01/04/2016 395.00   ComSc QA 76.73 .J38M39 2012 SMC06004 09/01/2016 09/01/2016  

Java programming :

APA

Mayfield B., .Java programming. Singapore: .

Chicago

Mayfield Blayne, .Java programming. Singapore: .

Harvard

Mayfield B., .Java programming. Singapore: .

MLA

Mayfield Blayne, .Singapore: . .

  • Place hold
  • Print
  • Cite
  • Add to your cart (remove)
  • Save record
    BIBTEX Dublin Core MARCXML MARC (non-Unicode/MARC-8) MARC (Unicode/UTF-8) MARC (Unicode/UTF-8, Standard) MODS (XML) RIS
  • More searches
    Search for this title in:
    Other Libraries (WorldCat) Other Databases (Google Scholar) Online Stores (Bookfinder.com) Open Library (openlibrary.org)

Exporting to Dublin Core...

SOUTHVILLE LIBRARY

Southville International School and Colleges Library

1281 Tropical Ave. Cor. Luxembourg St., BF Homes International, Las Pinas City

Tel. No. 8256374 / 252358 Loc. 117/146

Powered by Koha